Sports Quiz

Random Sports or NFL Quiz

NFL Double Trouble Players Quiz Stats

 Plays Quiz Updated Jan 16, 2021

     
Support Sporcle.
Go Orange.
Score 0/41 Timer 06:00
1 Play Today
# Player % Correct
3Cam Newton
93.8%
8Steve Young
92.1%
2Josh Allen
91.9%
4Russell Wilson
91.1%
1Vince Young
90.6%
1Wade Wilson
89.5%
4Michael Vick
88.7%
2Patrick Mahomes
84.9%
2Donovan McNabb
83.9%
1Alex Smith
83.5%
1Aaron Rodgers
80.3%
1Justin Herbert
78.8%
1Carson Wentz
77.4%
1Kyler Murray
77.2%
2Jalen Hurts
77%
1Andrew Luck
76.3%
2Jameis Winston
75.2%
2Mitchell Trubisky
74.2%
2Daunte Culpepper
72.3%
1John Elway
72.2%
1Colin Kaepernick
72.1%
# Player % Correct
2Randall Cunningham
72%
1DeShaun Watson
70.6%
1Tyrod Taylor
67.7%
2Rich Gannon
58.5%
2Jeff Garcia
58.3%
2Mark Brunell
57.8%
1Matt Cassel
57.2%
1DeShone Kizer
49.9%
1Kordell Stewart
46.8%
1Aaron Brooks
42.2%
1Joe Theismann
36.3%
1Rob Johnson
28.8%
1Jim Zorn
24.5%
1Bert Jones
22.2%
1Jeff Blake
20%
1Chad Henne
17.2%
1Tommy Kramer
15.9%
1Shaun Hill
10.3%
1Tyler Thigpen
8.1%
1Bobby Hoying
4.1%

From the Vault

Least Populous US Capitals Minefield

by peterules54

Geography 10m
Juneau, Alaska? It's right up there near Canada.
Remove Ads.
Support Sporcle.
Get the best of Sporcle when you Go Orange. This ad-free experience offers more features, more stats, and more fun while also helping to support Sporcle. Thank you for becoming a member.

Show Comments

Extras

Top Quizzes Today


Score Distribution

Your Account Isn't Verified!

In order to create a playlist on Sporcle, you need to verify the email address you used during registration. Go to your Sporcle Settings to finish the process.

Report this User

Report this user for behavior that violates our Community Guidelines.

Details: